000 01082nam0a22002651 4500
001 rc\2580233
005 20230920173820.0
035 _a(NLR Aleph) 006744725
090 _a5681689
_c5681688
100 _a20110914d1928 |||y0rusy50 ca
101 1 _arus
_cger
102 _aRU
105 _aa z |||||
200 1 _aНевенерические заболевания половых органов
_eРуководство для врачей
_eС 48 рис. в тексте
_fФ. Калломон
_gПеревод с нем. д-ра М. М. Ломиковской
_gПод ред. проф. М. В. Типцева
210 _a[Харьков]
_cКосмос
_aДнепропетровск
_cПолиграфтрест
_d[1928]
_gтипо-лит. им. 25-л. ВКП
215 _a204 с.
_cил.
_d22,5 см.
700 1 _aКалломон
_bФ.
_gФриц
702 1 _aТипцев
_bМ. В.
_4340
702 1 _aЛомиковская
_bМ. М.
_4730
801 0 _aRU
_bNLR
_gpsbo
801 1 _aRU
_bELAR
_2rusmarc
852 _aNLR
_j65/428
942 _cBOOK
980 _aNB